Basic Words - F - Statistics

General Stats
  • This quiz has been taken 66 times
  • The average score is 9 of 10
Answer Stats
Hint Answer % Correct
Apples, grapes, oranges etc. Fruit
100%
Most common underwater animal Fish
98%
Amphibian that commonly says "croak" Frog
96%
Burns, but also produces light Fire
95%
Close companion Friend
95%
Potatoes thinly cut and cooked in oil Fries
93%
Pink bird that eats shrimp Flamingo
89%
Colourful plants found in gardens Flower
88%
Shiny bug at nighttime Firefly
82%
Orange canine Fox
57%
No matching quizzes found
Score Distribution
Percent of People with Each Score
Percentile by Number Answered
Your Score History
You have not taken this quiz